[Event "Locri op 3rd"]
[Site "Locri"]
[Date "2015.07.14"]
[Round "2"]
[White "Nobile, Stefano"]
[Black "Manti, Elisa"]
[Result "1-0"]
[WhiteElo "1819"]
[BlackElo "1481"]
[PlyCount "119"]
[EventDate "2015.07.13"]
[EventType "swiss"]
[EventRounds "9"]
[EventCountry "ITA"]
[SourceTitle "EXT 2024"]
[Source "ChessBase"]
[SourceDate "2023.10.10"]
[SourceVersion "1"]
[SourceVersionDate "2023.10.10"]
[SourceQuality "1"]

1. g3 d5 2. Bg2 Nf6 3. Nf3 Nc6 4. d3 g6 5. 0-0 Bg7 6. Nbd2 0-0 7. e4 dxe4 8. dxe4 e5 9. c3 Qd7 10. Qe2 Rd8 11. Nc4 Qe7 12. a4 a5 13. h3 b6 14. Rd1 Rxd1+ 15. Qxd1 Nxe4 16. Nfxe5 Bxe5 17. Bxe4 Bb7 18. Qf3 Rd8 19. Bxc6 Bxc6 20. Qxc6 Bxg3 21. Be3 Bh4 22. Kf1 Rd3 23. Qa8+ Kg7 24. Re1 Qf6 25. Qg2 Qf5 26. Bd4+ Kh6 27. Ne3 Qf4 28. Ng4+ Kh5 29. Nf6+ Bxf6 30. Qg4+ Qxg4 31. hxg4+ Kg5 32. f4+ Kxf4 33. Bxf6 Kxg4 34. Ke2 Rd5 35. c4 Rd7 36. Ke3 h5 37. Rg1+ Kh3 38. Bg5 c5 39. Kf3 Rd3+ 40. Kf2 Rb3 41. Bf6 Rd3 42. Ke2 Rg3 43. Rxg3+ Kxg3 44. Bd8 h4 45. Bxb6 Kg2 46. Bxc5 h3 47. Bd6 g5 48. c5 g4 49. c6 g3 50. c7 h2 51. c8Q h1Q 52. Qa8+ Kh2 53. Bxg3+ Kg1 54. Bf2+ Kh2 55. Qxh1+ Kxh1 56. Kf3 Kh2 57. Bb6 Kh3 58. Bxa5 Kh4 59. Bd8+ Kh5 60. a5 1-0

[Event "Nicolosi Etna op 1st"]
[Site "Nicolosi"]
[Date "2014.12.05"]
[Round "1"]
[White "Nobile, Stefano"]
[Black "Manakova, Maria"]
[Result "0-1"]
[WhiteElo "1803"]
[BlackElo "2352"]
[PlyCount "68"]
[EventDate "2014.12.05"]
[EventType "swiss"]
[EventRounds "7"]
[EventCountry "ITA"]
[SourceTitle "CBM 163 Extra"]
[Source "ChessBase"]
[SourceDate "2014.12.23"]
[SourceVersion "1"]
[SourceVersionDate "2014.12.23"]
[SourceQuality "1"]

1. Nf3 Nf6 2. g3 d5 3. c4 g6 4. b3 Bg7 5. Bb2 dxc4 6. bxc4 c5 7. Bg2 Nc6 8. 0-0 0-0 9. d3 Qc7 10. Nc3 Rd8 11. Qb3 e5 12. Rfc1 Rb8 13. Nd5 Qd6 14. e4 b6 15. Bc3 Bb7 16. Qb2 Nd7 17. a4 Nf8 18. Rcb1 Ne6 19. Qa3 Ba6 20. Bf1 Rf8 21. Kg2 f5 22. Rb2 fxe4 23. dxe4 Ned4 24. Bxd4 exd4 25. Bd3 Bc8 26. h3 Bxh3+ 27. Kxh3 Rxf3 28. a5 Ne5 29. Rd1 Rbf8 30. Kg2 bxa5 31. Rdd2 g5 32. Rb3 Ng4 33. Nf4 R3xf4 34. gxf4 Qxf4 0-1

[Event "Locri op 2nd"]
[Site "Locri"]
[Date "2014.04.18"]
[Round "5"]
[White "Fracasso Pezzolato, Michele"]
[Black "Nobile, Stefano"]
[Result "0-1"]
[WhiteElo "1830"]
[BlackElo "1807"]
[PlyCount "116"]
[EventDate "2014.04.16"]
[EventType "swiss"]
[EventRounds "7"]
[EventCountry "ITA"]
[SourceTitle "EXT 2017"]
[Source "ChessBase"]
[SourceDate "2016.10.25"]
[SourceVersion "1"]
[SourceVersionDate "2016.10.25"]
[SourceQuality "1"]

1. e4 c6 2. d4 d5 3. Nc3 dxe4 4. Nxe4 Nd7 5. Nf3 Ngf6 6. Ng3 e6 7. Bd3 Qc7 8. 0-0 Be7 9. Re1 b6 10. c3 Bb7 11. Ne5 Nxe5 12. dxe5 Nd7 13. Qe2 0-0-0 14. f4 Kb8 15. b4 c5 16. Bd2 g5 17. Rab1 gxf4 18. Bxf4 cxb4 19. cxb4 Bxb4 20. Rec1 Bc5+ 21. Kh1 f5 22. Rf1 Ka8 23. Nxf5 exf5 24. e6 Qc6 25. exd7 Rxd7 26. Bb5 Re7 27. Qb2 Qc8 28. Be2 Rhe8 29. Bh5 Rg8 30. Bf3 Be4 31. Rbc1 Qb7 32. a4 Reg7 33. Bxe4 Qxe4 34. Rc2 Qxa4 35. Qe5 Qe4 36. Qb2 h5 37. Re2 Qd3 38. Rfe1 Kb7 39. Qe5 h4 40. Rd2 Qc4 41. Qxf5 a5 42. Rc2 h3 43. g3 Re8 44. Rec1 Qe4+ 45. Qxe4+ Rxe4 46. Bd2 Rge7 47. Rxc5 bxc5 48. Bxa5 Kc6 49. Kg1 Re2 50. Bd8 Re1+ 51. Rxe1 Rxe1+ 52. Kf2 Rh1 53. g4 Rxh2+ 54. Kg3 Rh1 55. g5 c4 56. Bf6 Kd5 57. Kf2 Ke6 58. Kg3 Kf5 0-1

[Event "Erice op 1st"]
[Site "Erice"]
[Date "2010.07.31"]
[Round "5"]
[White "Nobile, Stefano"]
[Black "Lo Pinto, Giovanni"]
[Result "0-1"]
[WhiteElo "1740"]
[BlackElo "1929"]
[PlyCount "134"]
[EventDate "2010.07.28"]
[EventType "swiss"]
[EventRounds "7"]
[EventCountry "ITA"]
[SourceTitle "EXT 2024"]
[Source "ChessBase"]
[SourceDate "2023.10.10"]
[SourceVersion "1"]
[SourceVersionDate "2023.10.10"]
[SourceQuality "1"]

1. d4 d5 2. c4 c6 3. Nf3 Nf6 4. e3 e6 5. Nc3 Nbd7 6. Qc2 b6 7. Be2 Bb7 8. 0-0 Bd6 9. Bd2 Rc8 10. a3 c5 11. Rac1 cxd4 12. Nb5 Bb8 13. Nbxd4 dxc4 14. Bxc4 e5 15. Bxf7+ Kxf7 16. Ng5+ Ke8 17. Bb4 Rxc2 18. Nde6 Qe7 19. Rxc2 Nc5 20. Rd1 Bd6 21. Rcd2 Bc7 22. Nxc7+ Qxc7 23. Rd8+ Qxd8 24. Rxd8+ Kxd8 25. Nf7+ Ke7 26. Nxe5 Rd8 27. Kf1 Rd1+ 28. Ke2 Rb1 29. Bc3 Na4 30. Kd3 Nxc3 31. bxc3 Bxg2 32. f4 Bf1+ 33. Kc2 Rb5 34. Nc6+ Kd6 35. Nd4 Rd5 36. h4 Rxd4 37. cxd4 Kd5 38. a4 Ke4 39. Kd2 a5 40. Ke1 Bc4 41. Kd2 Nd5 42. h5 h6 43. Kc2 Kxe3 44. f5 Kxd4 45. Kd2 Bd3 46. Kc1 Kc3 47. Kd1 Nf6 48. Kc1 Ne4 49. Kd1 Ng3 50. Ke1 Nxf5 51. Kf2 Kd4 52. Kf3 Ne7 53. Kf4 Nd5+ 54. Kg4 Be4 55. Kg3 Ke3 56. Kh4 Nf6 57. Kh3 Bf3 58. Kh4 Ne4 59. Kh3 Be2 60. Kh4 Kf4 61. Kh3 Kg5 62. Kg2 Kg4 63. Kg1 Kg3 64. Kh1 Bf1 65. Kg1 Bh3 66. Kh1 Ng5 67. Kg1 Nf3+ 0-1

[Event "Erice op 1st"]
[Site "Erice"]
[Date "2010.07.28"]
[Round "1"]
[White "Marholev, Dimitar"]
[Black "Nobile, Stefano"]
[Result "1-0"]
[WhiteElo "2428"]
[BlackElo "1740"]
[PlyCount "93"]
[EventDate "2010.07.28"]
[EventType "swiss"]
[EventRounds "7"]
[EventCountry "ITA"]
[SourceTitle "EXT 2024"]
[Source "ChessBase"]
[SourceDate "2023.10.10"]
[SourceVersion "1"]
[SourceVersionDate "2023.10.10"]
[SourceQuality "1"]

1. e4 e5 2. Nf3 Nf6 3. Nc3 Bb4 4. Nxe5 d6 5. Nd3 Bxc3 6. dxc3 Nxe4 7. Be2 Nc6 8. 0-0 0-0 9. Bf3 Bf5 10. Re1 Re8 11. Bf4 Qf6 12. Qc1 h6 13. Bg3 Nxg3 14. hxg3 Bxd3 15. cxd3 Ne5 16. Be2 Qf5 17. Qf4 Qd7 18. d4 Ng6 19. Qf3 b6 20. a4 c6 21. Red1 Re7 22. Bd3 Rae8 23. Qh5 Qe6 24. d5 cxd5 25. Bb5 Rc8 26. Qxd5 Rc5 27. Qxd6 Qxd6 28. Rxd6 Rce5 29. Kf1 R5e6 30. Rxe6 Rxe6 31. Rd1 Ne5 32. Rd8+ Kh7 33. f4 Ng4 34. Be2 Ne3+ 35. Kf2 Kg6 36. g4 f5 37. gxf5+ Kxf5 38. Kf3 Kf6 39. Rf8+ Ke7 40. Ra8 Nxg2 41. Rxa7+ Kf6 42. Bc4 Ne1+ 43. Kf2 Rc6 44. Be2 Nc2 45. Ra6 Ke6 46. a5 Kd6 47. axb6 1-0

[Event "Siracusa op 2nd"]
[Site "Siracusa"]
[Date "2007.09.05"]
[Round "5"]
[White "Nobile, Stefano"]
[Black "Tumino, Andrea"]
[Result "1-0"]
[WhiteElo "1713"]
[BlackElo "1637"]
[PlyCount "51"]
[EventDate "2007.09.02"]
[EventType "swiss"]
[EventRounds "9"]
[EventCountry "ITA"]
[SourceTitle "EXT 2010"]
[Source "ChessBase"]
[SourceDate "2010.11.25"]
[SourceVersion "1"]
[SourceVersionDate "2010.11.25"]
[SourceQuality "1"]

1. d4 d5 2. Nf3 Nf6 3. e3 Bf5 4. Bb5+ c6 5. Bd3 Bxd3 6. cxd3 e6 7. 0-0 c5 8. Qb3 Qc7 9. Nc3 a6 10. a4 Nc6 11. dxc5 Bxc5 12. d4 Bd6 13. h3 0-0 14. Bd2 Rac8 15. Rfc1 Na5 16. Qd1 Nc4 17. Na2 Qe7 18. b4 b5 19. Qb3 Ne4 20. Be1 Bb8 21. axb5 axb5 22. Nc3 Nxc3 23. Qxc3 Ne5 24. Qxc8 Nxf3+ 25. gxf3 Qh4 26. Ra8 1-0